Streets of Irving Park, CHICAGO - Statistics

General Stats
  • This quiz has been taken 16 times
    15 since last reset
  • The average score is 27 of 59
Answer Stats
Block Street % Correct
3600 N ADDISON
100%
NW ELSTON
100%
4000 N IRVING PARK
100%
4400 N MONTROSE
100%
2800 W CALIFORNIA
92%
4400 W KOSTNER
92%
NW MILWAUKEE
92%
4600 W KENTON
85%
4000 W PULASKI
85%
3600 W CENTRAL PARK
77%
4100 W KARLOV
77%
4432 W KENNETH
77%
4300 W KILDARE
77%
3000 W SACRAMENTO
77%
3832 W AVERS
69%
2900 W FRANCISCO
69%
3200 W KEDZIE
69%
3400 W KIMBALL
69%
3500 W ST LOUIS
69%
3100 W ALBANY
54%
3800 W HAMLIN
54%
4200 N BERTEAU
46%
4500 W KILBOURN
46%
4100 N BELLE PLAINE
38%
4300 N CULLOM
38%
3700 W LAWNDALE
38%
3700 N WAVELAND
38%
3900 N BYRON
31%
3332 W CHRISTIANA
31%
3800 N GRACE
31%
4132 W KEDVALE
31%
4200 W KEELER
31%
4532 W KOLMAR
31%
4332 W LOWELL
31%
3632 W MONTICELLO
31%
4332 N PENSACOLA
31%
3400 N ROSCOE
31%
3232 W SAWYER
31%
3132 W TROY
31%
3432 W BERNARD
23%
3500 N CORNELIA
23%
4032 N CUYLER
23%
3932 N DAKIN
23%
3532 W DRAKE
23%
3532 N EDDY
23%
3932 W HARDING
23%
4232 N HUTCHINSON
23%
4032 W KEYSTONE
23%
2832 W MOZART
23%
3432 N NEWPORT
23%
3632 N PATTERSON
23%
2932 W RICHMOND
23%
3732 W RIDGEWAY
23%
3900 W SPRINGFIELD
23%
4232 W TRIPP
23%
4132 N WARNER
23%
3032 W WHIPPLE
23%
3300 W SPAULIDNG
15%
3732 N WARWICK
15%
No matching quizzes found
Score Distribution
Percent of People with Each Score
Percentile by Number Answered
Your Score History
You have not taken this quiz since the last reset